000 00923cam a2200301 a 4500
001 11850712
003 OSt
005 20140310184309.0
008 991126s2000 nyu c 000 1 eng
010 _a 99059878
020 _a0439087597
040 _aDLC
_cDLC
_dDLC
042 _alcac
050 0 0 _aPZ 7
_b.P52112La 2000
100 1 _aPhilbrick, W. R.
_q(W. Rodman)
_923229
245 1 4 _aThe last book in the universe /
_cRodman Philbrick.
260 _aNew York :
_bscholastic.,
_c2000.
300 _a223 p. :
_c22 cm.
521 _aG5
526 _c740
650 1 _aScience fiction.
650 1 _aEpilepsy
_vFiction.
_923230
906 _a7
_bcbc
_corignew
_d1
_eocip
_f19
_gy-gencatlg
942 _2lcc
_cBK-SCHOLAS
999 _c33513
_d33513